000 00553nam a2200229Ia 4500
003 OSt
005 20231127142652.0
008 210210b1918 xxu||||| |||| 00| 0 eng d
040 _cAL
041 _aeng
082 _a821/596
100 _aSHELLEY (P B)
_9143555
245 _aPoems: Brooke Ed
260 _aLondon
_bMacmillan & Co. Ltd.
_c1918
650 _aPoems:
_9143556
650 _aHutchinson
_9143557
650 _aEd
_9143558
650 _aBrooke
_9143559
690 _aEnglish Literature
_9143560
906 _a011764
942 _2ddc
_cBK
999 _c130471
_d130471